| 000 | 00767nam a22002177a 4500 | ||
|---|---|---|---|
| 005 | 20160527121800.0 | ||
| 010 | _aENG-115201 | ||
| 020 |
_a9789351503279 _c695.00 |
||
| 035 | _aEN-98733 | ||
| 037 | _bDBAD/PUB | ||
| 082 | 0 | 0 |
_a337.154 _223 |
| 245 | 0 | 0 |
_aIndia, China and sub-regional connectivities in South Asia / _cedited by D. Suba Chandran [and] Bhavna Singh |
| 260 |
_aNew Delhi _bSAGE Publications _c2015 |
||
| 270 |
_aB1/I-1 Mohan Cooperative Industrial Area, Mathura Road _bNew Delhi _e110044 |
||
| 300 |
_axvii, 231p. _c23cm(Hb) |
||
| 500 | _aIncludes bibliographical references and index. | ||
| 650 | 0 |
_aRegional economics _zSouth Asia. |
|
| 700 | 1 | _aSuba Chandran, D. | |
| 700 | 1 | _aSingh, Bhavna | |
| 942 |
_2ddc _cEN _h337.154 _mIND |
||
| 999 |
_c100100 _d100100 |
||